Catálogo
 En Linea
Vista normal Vista MARC

Entrada Nombre personal

Número de registros utilizados en: 1

001 - NÚMERO DE CONTROL

  • campo de control: 46132

003 - IDENTIFICADOR DEL NÚMERO DE CONTROL

  • campo de control: BNPHU

005 - FECHA Y HORA DE LA ÚLTIMA TRANSACCIÓN

  • campo de control: 20250203100317.0

008 - DATOS DE LONGITUD FIJA

  • campo de control de longitud fija: 200615|| aca||aabn | a|a d

040 ## - FUENTE DE LA CATALOGACIÓN

  • Centro catalogador/agencia de origen: DO-SdBNP
  • Lengua de catalogación: spa
  • Centro/agencia transcriptor: BNPHU
  • Normas de descripción: rda

046 ## - FECHAS CON CODIFICACIÓN ESPECIAL

  • Fecha de nacimiento: 1961-

100 1# - ENCABEZAMIENTO-NOMBRE DE PERSONA

  • Nombre de persona: Cruz Torres, Juan de la,
  • Fechas asociadas al nombre: 1961-

370 ## - LUGAR ASOCIADO

  • Lugar de nacimiento: Santiago de los Caballeros (República Dominicana)

372 ## - CAMPO DE ACTIVIDAD

  • Campo de actividad: Juez/Arbitro internacional
  • Campo de actividad: Comunicador
  • Campo de actividad: Deportista

374 ## - OCUPACIÓN

  • Ocupación: Presidente de la Comisión de Jueces/Arbitros de Boxeo de la República Dominicana
  • Ocupación: Coordinador técnico de la Federación
  • Ocupación: Miembro de la Comisión de Competición de la Confederación Americana de Boxeo (AMBC)

375 ## - GÉNERO/SEXO

  • Género/Sexo: Masculino

377 ## - LENGUA/LENGUAJE ASOCIADO

  • Código del idioma: spa
  • Término de lengua/lenguaje: Español

670 ## - FUENTE DE DATOS ENCONTRADOS

  • Cita de la fuente: Work cat.: (OSt)21864: Cruz Torres, Juan de la, Éxito :, 2009.

670 ## - FUENTE DE DATOS ENCONTRADOS

  • Cita de la fuente: Cruz Torres, Juan de la. Éxito: Boxeo olímpico dominicano. 2009

Con tecnología Koha